[Event "TG Biberach - SK Schwäbisch Hall"]
[Site "?"]
[Date "2023.09.17"]
[Round "1.1"]
[White "Sarenac, Ivan"]
[Black "Sinz, Bernhard"]
[Result "1-0"]
[WhiteElo "2395"]
[BlackElo "2311"]
[PlyCount "59"]
[EventDate "2023.??.??"]

1. e4 c6 2. d4 d5 3. f3 dxe4 4. fxe4 e5 5. Nf3 Bg4 6. Bc4 Nd7 7. c3 Bd6 8. Qb3 Qe7 9. O-O Ngf6 10. Bg5 O-O-O 11. Nbd2 h6 12. Bxf6 Nxf6 13. Rae1 Bh5 14. Kh1 Bc7 15. Nh4 exd4 16. e5 Rhe8 17. cxd4 Ng4 18. Nf5 Qg5 19. Ne4 Qg6 20. Bxf7 Qxf7 21. Nfd6+ Bxd6 22. Nxd6+ Rxd6 23. Rxf7 Bxf7 24. Qxf7 Rde6 25. Qxg7 Nf2+ 26. Kg1 Nd3 27. Rf1 R8e7 28. Rf7 Kd7 29. Rxe7+ Rxe7 30. e6+ 1-0

[Event "TG Biberach - SK Schwäbisch Hall"]
[Site "?"]
[Date "2023.09.17"]
[Round "1.2"]
[White "Fischer, Andre"]
[Black "Manoeuvre, Antoine"]
[Result "0-1"]
[WhiteElo "2260"]
[BlackElo "2303"]
[PlyCount "54"]
[EventDate "2023.??.??"]

1. e4 e6 2. d4 d5 3. Nc3 Nf6 4. e5 Nfd7 5. f4 c5 6. Nf3 Nc6 7. Be3 Rb8 8. Qd2 Qa5 9. dxc5 Bxc5 10. Bxc5 Nxc5 11. Bd3 b5 12. Ne2 b4 13. Ned4 Nxd4 14. Nxd4 Qb6 15. Qe3 Ba6 16. O-O Bxd3 17. cxd3 b3 18. a3 Na4 19. f5 exf5 20. e6 O-O 21. e7 Rfe8 22. Rae1 g6 23. Qe5 Rb7 24. Qxd5 Rbxe7 25. Rxe7 Rxe7 26. Rc1 Nxb2 27. Rc3 Nd1 0-1

[Event "TG Biberach - SK Schwäbisch Hall"]
[Site "?"]
[Date "2023.09.17"]
[Round "1.3"]
[White "Velikic, Adela"]
[Black "Oberst, Thomas"]
[Result "1-0"]
[WhiteElo "2273"]
[BlackElo "2257"]
[PlyCount "105"]
[EventDate "2023.??.??"]

1. e4 c5 2. Nf3 Nc6 3. d4 cxd4 4. Nxd4 Nf6 5. Nc3 d6 6. Bg5 e6 7. Qd2 a6 8. O-O-O Bd7 9. f3 Be7 10. h4 Rc8 11. Kb1 Na5 12. Nb3 Nc4 13. Bxc4 Rxc4 14. Bf4 e5 15. Be3 b5 16. Qe2 O-O 17. g4 Be6 18. h5 Ne8 19. Nd5 Bg5 20. Bxg5 Qxg5 21. Qe3 Qxe3 22. Nxe3 Rc8 23. Rd2 f6 24. Na5 Rf7 25. Rhd1 Rfc7 26. Nb3 Kf7 27. Nc1 a5 28. Ne2 b4 29. Ng3 g6 30. Rh1 a4 31. hxg6+ hxg6 32. Rh7+ Kg8 33. Rh6 Kf7 34. Ne2 a3 35. b3 Rc6 36. Nc1 Rc3 37. Nd3 Rb8 38. Rh8 Rb7 39. Rdh2 Ng7 40. Ra8 f5 41. gxf5 gxf5 42. Ra6 Rd7 43. Nd1 Rc8 44. Nxb4 Rf8 45. Rxa3 fxe4 46. fxe4 Kg8 47. Ne3 Rf4 48. Nbd5 Rf3 49. Ra8+ Kf7 50. a4 Bxd5 51. Nxd5 Rf1+ 52. Kb2 Re1 53. a5 1-0

[Event "TG Biberach - SK Schwäbisch Hall"]
[Site "?"]
[Date "2023.09.17"]
[Round "1.4"]
[White "Wunder, Niklas"]
[Black "Svana, Peter"]
[Result "0-1"]
[WhiteElo "2070"]
[BlackElo "2259"]
[PlyCount "80"]
[EventDate "2023.??.??"]

1. d4 Nf6 2. c4 g6 3. Nc3 Bg7 4. e4 O-O 5. Nf3 d6 6. Be2 e5 7. Be3 Ng4 8. Bg5 f6 9. Bc1 Nc6 10. h3 Nh6 11. O-O Bd7 12. Be3 Kh8 13. c5 exd4 14. Nxd4 dxc5 15. Nxc6 Bxc6 16. Bxc5 Re8 17. Qc2 f5 18. Rad1 Qg5 19. f4 Qh4 20. e5 g5 21. Nd5 gxf4 22. Rxf4 Qg5 23. Rff1 Bxe5 24. Be3 Qg6 25. Bf4 Bxf4 26. Rxf4 Re5 27. Bf3 Qg7 28. Nc3 Bxf3 29. Rxf3 Rae8 30. Rdf1 b5 31. b4 c5 32. bxc5 b4 33. Qb3 bxc3 34. Qxc3 Rc8 35. c6 Re6 36. Rc1 Qxc3 37. Rfxc3 Rc7 38. Rb3 Rexc6 39. Rb8+ Ng8 40. Rxc6 Rxc6 0-1

[Event "TG Biberach - SK Schwäbisch Hall"]
[Site "?"]
[Date "2023.09.17"]
[Round "1.5"]
[White "Gajcin, Marina"]
[Black "Birkenmaier, Rainer"]
[Result "1-0"]
[WhiteElo "2251"]
[BlackElo "2096"]
[PlyCount "125"]
[EventDate "2023.??.??"]

1. e4 g6 2. d4 Bg7 3. Nc3 c6 4. Nf3 d5 5. Bd3 Bg4 6. e5 e6 7. h3 Bxf3 8. Qxf3 Qb6 9. Qg4 Nd7 10. O-O a6 11. Ne2 c5 12. c3 Ne7 13. Be3 cxd4 14. cxd4 Nc6 15. Rfd1 Nb4 16. Bb1 Rc8 17. Nc3 Nc6 18. Qe2 O-O 19. Qd2 Qa7 20. h4 b5 21. h5 Rfe8 22. Ne2 Nb6 23. b3 Qe7 24. Bg5 Qb4 25. Qf4 Nd7 26. hxg6 fxg6 27. Qe3 Nd8 28. a3 Qa5 29. Qh3 Nf7 30. Bd2 Qb6 31. Be3 Nf8 32. Bd3 Rc7 33. Rdb1 Rec8 34. a4 Nd8 35. Nf4 Rc3 36. Bd2 R3c6 37. axb5 axb5 38. Ne2 Qb7 39. Ra5 Rb6 40. Rba1 Nc6 41. R5a2 Qf7 42. Rc2 Qb7 43. Rac1 Qd7 44. Rc5 Na7 45. Bb4 Rxc5 46. Bxc5 Rb7 47. Ra1 Nc6 48. Nf4 Ne7 49. Ra8 Kf7 50. Qf3 Kg8 51. Qh3 Kf7 52. g4 Kg8 53. g5 Kf7 54. Rxf8+ Bxf8 55. Qxh7+ Bg7 56. Bxg6+ Nxg6 57. Qxg6+ Kg8 58. Nh5 Kh8 59. Nf6 Bxf6 60. exf6 Qh7 61. Qe8+ Qg8 62. Qxg8+ Kxg8 63. g6 1-0

[Event "TG Biberach - SK Schwäbisch Hall"]
[Site "?"]
[Date "2023.09.17"]
[Round "1.6"]
[White "Sokratov, Stanislav"]
[Black "Bahmann, Micha"]
[Result "1-0"]
[WhiteElo "2166"]
[BlackElo "2081"]
[PlyCount "127"]
[EventDate "2023.??.??"]

1. d4 d5 2. Nf3 Nf6 3. Bf4 e6 4. e3 Bd6 5. Nbd2 c5 6. dxc5 Bxf4 7. exf4 Qc7 8. g3 Qxc5 9. Bd3 b6 10. Qe2 a5 11. Nb3 Qc7 12. Nbd4 O-O 13. O-O Nbd7 14. Nb5 Qb8 15. c3 Nc5 16. Bc2 g6 17. a4 Ba6 18. Nfd4 Nfe4 19. h4 Bxb5 20. axb5 Nf6 21. Kg2 Qc7 22. Rh1 Rfe8 23. Nc6 Nh5 24. Qe5 Qxe5 25. fxe5 f5 26. exf6 Nxf6 27. Rhe1 Kf7 28. Re2 Nce4 29. Rae1 a4 30. f3 Nd6 31. Bd3 a3 32. b3 a2 33. Ra1 Ra3 34. Rexa2 Rxb3 35. Ra7+ Kg8 36. Rc7 Nxb5 37. Bxb5 Rxb5 38. Raa7 Rb2+ 39. Kh3 Rf2 40. Rg7+ Kh8 41. Ne5 Re2 42. Ng4 Rf8 43. f4 Rc2 44. Nxf6 Rxf6 45. Rxh7+ Kg8 46. Rag7+ Kf8 47. Rc7 Kg8 48. Rhd7 b5 49. Kg4 Rg2 50. Rg7+ Kh8 51. Rh7+ Kg8 52. Rcg7+ Kf8 53. Rb7 Kg8 54. Rhg7+ Kh8 55. Rgc7 Kg8 56. Rxb5 Rf7 57. Rbb7 Rxc7 58. Rxc7 Kf8 59. Kg5 Rxg3+ 60. Kf6 Kg8 61. Kxe6 Rd3 62. Kf6 d4 63. c4 Re3 64. Rd7 1-0

[Event "TG Biberach - SK Schwäbisch Hall"]
[Site "?"]
[Date "2023.09.17"]
[Round "1.7"]
[White "Krenedics, Gregor"]
[Black "Schulze, Andreas"]
[Result "0-1"]
[WhiteElo "2037"]
[BlackElo "2084"]
[PlyCount "52"]
[EventDate "2023.??.??"]

1. Nf3 g6 2. g3 Bg7 3. Bg2 d6 4. d4 f5 5. O-O Nf6 6. c4 O-O 7. Nc3 c6 8. Qc2 Qc7 9. e4 fxe4 10. Nxe4 Bg4 11. Nh4 Qd7 12. Be3 Na6 13. Qd2 Nxe4 14. Bxe4 Qe6 15. f3 Bh3 16. d5 Qf6 17. Rfd1 c5 18. Bg5 Qf7 19. Re1 Rac8 20. Ng2 Bxg2 21. Kxg2 Nb8 22. Rab1 Nd7 23. Qf4 Ne5 24. b3 Rb8 25. Qxf7+ Rxf7 26. Bc2 Nxf3 0-1

[Event "TG Biberach - SK Schwäbisch Hall"]
[Site "?"]
[Date "2023.09.17"]
[Round "1.8"]
[White "Engelhart, Achim"]
[Black "Karatsioras, Nikolaos"]
[Result "1-0"]
[WhiteElo "2074"]
[BlackElo "1980"]
[PlyCount "87"]
[EventDate "2023.??.??"]

1. e4 c5 2. c3 d5 3. exd5 Qxd5 4. d4 Nf6 5. Nf3 Nc6 6. dxc5 Qxd1+ 7. Kxd1 Bg4 8. b4 e5 9. Kc2 Bf5+ 10. Kb2 Ng4 11. Be3 e4 12. Nd4 Bd7 13. Nd2 f5 14. Nb5 O-O-O 15. Nc4 Be6 16. Kc2 Nxe3+ 17. fxe3 Bxc4 18. Bxc4 g6 19. Rad1 Be7 20. Rxd8+ Rxd8 21. Nd4 Ne5 22. Be2 a5 23. a3 h5 24. h3 Kd7 25. Bb5+ Kc8 26. Ra1 Rg8 27. Nb3 axb4 28. axb4 Kb8 29. Nd4 Kc7 30. Ne6+ Kb8 31. Rd1 g5 32. Rd5 Bf6 33. g3 h4 34. gxh4 gxh4 35. Nf4 Rd8 36. Rxd8+ Bxd8 37. Ne6 Bf6 38. Nd4 Nf3 39. Nxf5 Bg5 40. Be2 Kc7 41. Bxf3 exf3 42. Kd2 Kc6 43. Nd4+ Kd5 44. Nxf3 1-0

[Event "SV Jedesheim - SK Bebenhausen"]
[Site "?"]
[Date "2023.09.17"]
[Round "1.1"]
[White "Braun, Georg"]
[Black "Krassowizkij, Jaroslaw"]
[Result "1/2-1/2"]
[WhiteElo "2395"]
[BlackElo "2445"]
[PlyCount "93"]
[EventDate "2023.??.??"]

1. e4 e5 2. Nf3 Nc6 3. Bb5 Nf6 4. d3 Bc5 5. Bxc6 dxc6 6. Be3 Bd6 7. h3 c5 8. Nbd2 Nd7 9. Nc4 b5 10. Na5 c6 11. Qd2 Qc7 12. a4 Nf8 13. O-O Ne6 14. Ng5 O-O 15. Nxe6 Bxe6 16. c4 bxc4 17. Nxc4 Bxc4 18. dxc4 Rfd8 19. Rfd1 Be7 20. Qc2 a6 21. Ra3 Rxd1+ 22. Qxd1 Rd8 23. Rd3 Rxd3 24. Qxd3 f6 25. Kf1 Kf7 26. Ke2 Ke6 27. Qb3 g6 28. g4 Kd7 29. Bd2 Kc8 30. Bc3 Qb7 31. Qxb7+ Kxb7 32. g5 fxg5 33. Bxe5 Kc8 34. Kf3 Kd7 35. Bb8 Kc8 36. Bg3 Kd7 37. e5 Ke6 38. Ke4 Bd8 39. f3 Bc7 40. b3 Bd8 41. Bf2 Be7 42. Be3 Kf7 43. Bd2 Ke6 44. Ba5 Kd7 45. Bb6 Ke6 46. Bc7 Kd7 47. Ba5 1/2-1/2

[Event "SV Jedesheim - SK Bebenhausen"]
[Site "?"]
[Date "2023.09.17"]
[Round "1.2"]
[White "Atlas, Valery"]
[Black "Waffenschmidt, Lars"]
[Result "1-0"]
[WhiteElo "2421"]
[BlackElo "2281"]
[PlyCount "147"]
[EventDate "2023.??.??"]

1. e4 c5 2. Nf3 d6 3. d4 cxd4 4. Nxd4 Nf6 5. Nc3 a6 6. g3 e6 7. Bg2 Be7 8. O-O Qc7 9. a4 Nc6 10. Be3 O-O 11. Qe2 Nxd4 12. Bxd4 e5 13. Be3 Be6 14. Rfd1 Rac8 15. a5 h6 16. Bb6 Qd7 17. Na4 Qb5 18. Rd2 Qxe2 19. Rxe2 Bd8 20. Rd2 Rc6 21. f4 Be7 22. b3 Rcc8 23. c4 Rfe8 24. Bf2 Bf8 25. Nb6 Rc7 26. h3 g6 27. Rf1 Kg7 28. Nd5 Bxd5 29. exd5 Nd7 30. fxe5 Nxe5 31. c5 Rec8 32. c6 bxc6 33. dxc6 Nxc6 34. Bb6 Rd7 35. Rc1 Ne7 36. Rxc8 Nxc8 37. Bc6 Re7 38. Bd5 Re8 39. Bd4+ Kg8 40. Rf2 Re7 41. Bc4 Na7 42. Rxf7 Rxf7 43. Bxa7 Bg7 44. Be3 Bc3 45. Bxh6 Bxa5 46. Bf4 Bb4 47. Kg2 Kg7 48. Bxf7 Kxf7 49. Kf3 Ke6 50. h4 d5 51. g4 Be7 52. h5 gxh5 53. gxh5 Kf5 54. Bd2 Bf6 55. Ke2 Ke4 56. h6 Be5 57. Bb4 Kf5 58. Kd3 Kg6 59. Bf8 a5 60. Bg7 Bxg7 61. hxg7 Kxg7 62. Kd4 Kf6 63. Kxd5 Ke7 64. Kc6 Kd8 65. Kb5 a4 66. Kxa4 Kc7 67. Kb5 Kb7 68. b4 Ka7 69. Kc6 Ka8 70. Kc7 Ka7 71. b5 Ka8 72. Kb6 Kb8 73. Ka6 Kc7 74. Ka7 1-0

[Event "SV Jedesheim - SK Bebenhausen"]
[Site "?"]
[Date "2023.09.17"]
[Round "1.3"]
[White "Hartmann, Martin"]
[Black "Heidenfeld, Mark"]
[Result "1-0"]
[WhiteElo "2147"]
[BlackElo "2330"]
[PlyCount "81"]
[EventDate "2023.??.??"]

1. e4 e6 2. d4 d5 3. e5 c5 4. c3 Bd7 5. Nf3 Qb6 6. Bd3 Bb5 7. dxc5 Bxc5 8. b4 Bxd3 9. Qxd3 Be7 10. O-O Nd7 11. Na3 a6 12. c4 Bxb4 13. cxd5 exd5 14. Rb1 Qa5 15. Nc2 Bc5 16. Rxb7 Ne7 17. Bb2 Bb6 18. e6 fxe6 19. Bxg7 Rg8 20. Bc3 Qb5 21. Qxh7 Bxf2+ 22. Rxf2 Qxb7 23. Nfd4 Qb1+ 24. Rf1 Qb6 25. Qf7+ Kd8 26. Bb4 Re8 27. Kh1 Nf5 28. Ba5 Qxa5 29. Nc6+ Kc7 30. Nxa5 Rf8 31. Rxf5 Rxf7 32. Rxf7 Rb8 33. Nb3 Kd6 34. Kg1 a5 35. Nxa5 Rb2 36. Ne3 Rxa2 37. Nb7+ Kc6 38. Re7 e5 39. Nxd5 Ra1+ 40. Kf2 Rb1 41. Nd8+ 1-0

[Event "SV Jedesheim - SK Bebenhausen"]
[Site "?"]
[Date "2023.09.17"]
[Round "1.4"]
[White "Kranzl, Julian"]
[Black "Honisch, Alexander"]
[Result "1-0"]
[WhiteElo "2268"]
[BlackElo "2040"]
[PlyCount "77"]
[EventDate "2023.??.??"]

1. d4 Nf6 2. Nf3 d5 3. g3 e6 4. Bg2 Be7 5. O-O O-O 6. c4 dxc4 7. Qc2 a6 8. a4 Bd7 9. Qxc4 Bc6 10. Bg5 Nbd7 11. Nc3 h6 12. Bxf6 Nxf6 13. Rfe1 Bd5 14. Qd3 Bxf3 15. Bxf3 c6 16. h4 a5 17. e3 e5 18. d5 cxd5 19. Nxd5 Rc8 20. Red1 Nxd5 21. Bxd5 Qb6 22. Qf5 Bf6 23. b3 Rfd8 24. Ra2 Rc7 25. Rad2 Rcd7 26. Kg2 Rd6 27. Qh5 R6d7 28. g4 Kf8 29. g5 hxg5 30. hxg5 g6 31. Qg4 Bg7 32. e4 Qc5 33. Rd3 b5 34. axb5 Qxb5 35. Qf3 Qc5 36. Be6 Qe7 37. Rxd7 Rxd7 38. Bxd7 Qxg5+ 39. Qg4 1-0

[Event "SV Jedesheim - SK Bebenhausen"]
[Site "?"]
[Date "2023.09.17"]
[Round "1.5"]
[White "Latzke, Boris"]
[Black "Hofer, Emilian"]
[Result "0-1"]
[WhiteElo "2178"]
[BlackElo "2245"]
[PlyCount "88"]
[EventDate "2023.??.??"]

1. d4 d5 2. c4 c6 3. Nf3 Nf6 4. Nc3 dxc4 5. a4 Bf5 6. e3 e6 7. Bxc4 Bb4 8. O-O Nbd7 9. Qe2 Bg6 10. e4 O-O 11. Bd3 Re8 12. e5 Nd5 13. Bxg6 fxg6 14. Nxd5 exd5 15. Bd2 Bxd2 16. Qxd2 Nf8 17. g3 Ne6 18. Ra3 Rf8 19. Nh4 g5 20. Ng2 Qb6 21. Rd3 Rf7 22. a5 Qb5 23. Ne3 Raf8 24. Kg2 Rf3 25. Ra3 h5 26. Raa1 g4 27. Rac1 Ng5 28. Rc2 Ne4 29. Qe1 Qa4 30. Qe2 Qxd4 31. e6 Qe5 32. a6 bxa6 33. Rxc6 Nf6 34. Qxa6 Qe4 35. Kg1 h4 36. e7 Qxe7 37. Re6 Qc5 38. Rc6 Qd4 39. gxh4 Ne4 40. Nxg4 Nxf2 41. Nxf2 Rxf2 42. Rxf2 Qxf2+ 43. Kh1 Qe1+ 44. Kg2 Rf2+ 0-1

[Event "SV Jedesheim - SK Bebenhausen"]
[Site "?"]
[Date "2023.09.17"]
[Round "1.6"]
[White "Anistratov, Dmitriy"]
[Black "Frick, Christoph"]
[Result "1/2-1/2"]
[WhiteElo "2245"]
[BlackElo "2101"]
[PlyCount "122"]
[EventDate "2023.??.??"]

1. e4 c6 2. d4 d5 3. e5 Bf5 4. Nc3 e6 5. g4 Bg6 6. Nge2 c5 7. h4 h5 8. Nf4 Bh7 9. g5 Nc6 10. g6 Bxg6 11. Nxg6 fxg6 12. Qd3 Nge7 13. dxc5 Nf5 14. Bg5 Be7 15. Bxe7 Qxe7 16. O-O-O Qxc5 17. Qb5 Qxb5 18. Bxb5 Rc8 19. f4 O-O 20. Kb1 Kh7 21. a3 a6 22. Bd3 Nce7 23. Rh3 Nh6 24. Ne2 Ng4 25. Rg1 Nf5 26. Bxf5 Rxf5 27. Nd4 Rxf4 28. Nxe6 Rf2 29. Ng5+ Kg8 30. e6 Rcxc2 31. Rb3 Rc7 32. Re1 Re7 33. Rd3 Nf6 34. Rc1 Ne4 35. Rxd5 Nxg5 36. Rxg5 Rxe6 37. Rc8+ Kf7 38. Rc7+ Kf6 39. Rxb7 Rf4 40. Rg1 Rxh4 41. Rf1+ Kg5 42. Rxg7 Rh2 43. Rg1+ Kh6 44. Rb7 h4 45. a4 h3 46. Rb3 Ree2 47. Rgg3 Rh1+ 48. Ka2 h2 49. Rh3+ Kg5 50. Rbg3+ Kf5 51. Rf3+ Ke6 52. Rfg3 Kf7 53. Rh7+ Kg8 54. Rh6 Re6 55. Rg2 Kg7 56. Rhxh2 Rxh2 57. Rxh2 g5 58. b4 g4 59. b5 axb5 60. axb5 Kg6 61. Rb2 Rb6 1/2-1/2

[Event "SV Jedesheim - SK Bebenhausen"]
[Site "?"]
[Date "2023.09.17"]
[Round "1.7"]
[White "Kasueschke, Lars"]
[Black "Jaskulski, Jan"]
[Result "1/2-1/2"]
[WhiteElo "2038"]
[BlackElo "1999"]
[PlyCount "47"]
[EventDate "2023.??.??"]

1. d4 Nf6 2. c4 g6 3. g3 Bg7 4. Bg2 O-O 5. Nc3 c5 6. Nf3 d5 7. dxc5 dxc4 8. Qxd8 Rxd8 9. Nd2 Na6 10. c6 bxc6 11. Nxc4 Rb8 12. O-O Nd5 13. Na5 Nxc3 14. bxc3 Bxc3 15. Nxc6 Bxa1 16. Nxd8 Bd7 17. Be3 Bf6 18. Nb7 Nb4 19. Bxa7 Ra8 20. a3 Rxa7 21. axb4 Bc3 22. Rb1 Bxb4 23. h4 Bc3 24. Bf3 1/2-1/2

[Event "SV Jedesheim - SK Bebenhausen"]
[Site "?"]
[Date "2023.09.17"]
[Round "1.8"]
[White "Mayer, Arnd"]
[Black "Freiherr von Hauff, Christopher"]
[Result "1/2-1/2"]
[WhiteElo "1959"]
[BlackElo "1858"]
[PlyCount "23"]
[EventDate "2023.??.??"]

1. d4 Nf6 2. Nf3 c5 3. c4 cxd4 4. Nxd4 e5 5. Nb5 Bc5 6. Nd6+ Ke7 7. Nf5+ Kf8 8. Be3 Bb4+ 9. Bd2 Bc5 10. Be3 Bb4+ 11. Bd2 Bc5 12. Be3 1/2-1/2

[Event "SG Schwäbisch Gmünd - SF Deizisau 2"]
[Site "?"]
[Date "2023.09.17"]
[Round "1.1"]
[White "Koellner, Ruben Gideon"]
[Black "Velicka, Petr"]
[Result "1/2-1/2"]
[WhiteElo "2478"]
[BlackElo "2371"]
[PlyCount "59"]
[EventDate "2023.??.??"]

1. d4 d5 2. c4 c6 3. cxd5 cxd5 4. Nc3 Nf6 5. f3 Nc6 6. e4 e6 7. e5 Ng8 8. f4 Nge7 9. Nf3 Nf5 10. a3 Bd7 11. g3 Rc8 12. Bh3 g6 13. Bxf5 gxf5 14. O-O Be7 15. Be3 Na5 16. Nd2 h5 17. Rc1 a6 18. Qf3 Kf8 19. Kf2 b5 20. b4 Nc4 21. Nxc4 Rxc4 22. Nd1 a5 23. Nb2 Rxc1 24. Rxc1 axb4 25. axb4 Bxb4 26. Nd3 Be7 27. Bd2 Qb6 28. Nc5 Bxc5 29. dxc5 Qc6 30. Bb4 1/2-1/2

[Event "SG Schwäbisch Gmünd - SF Deizisau 2"]
[Site "?"]
[Date "2023.09.17"]
[Round "1.2"]
[White "Jurek, Josef"]
[Black "Dabo-Peranic, Robert"]
[Result "1/2-1/2"]
[WhiteElo "2253"]
[BlackElo "2343"]
[PlyCount "48"]
[EventDate "2023.??.??"]

1. Nf3 d5 2. d4 Nf6 3. c4 dxc4 4. e3 e6 5. Bxc4 c5 6. O-O a6 7. dxc5 Bxc5 8. Qxd8+ Kxd8 9. Be2 Nbd7 10. a3 Bd6 11. Nbd2 Nb6 12. b3 Bd7 13. Bb2 Rc8 14. Rac1 Ke7 15. Ne5 Rxc1 16. Rxc1 Rc8 17. Nxd7 Rxc1+ 18. Bxc1 Kxd7 19. Bb2 Ne8 20. Bf3 Kc7 21. Ne4 Be7 22. Be5+ Kc8 23. Bb2 f5 24. Nd2 Bf6 1/2-1/2

[Event "SG Schwäbisch Gmünd - SF Deizisau 2"]
[Site "?"]
[Date "2023.09.17"]
[Round "1.3"]
[White "Bronznik, Valerij"]
[Black "Flajsman, Pavel"]
[Result "0-1"]
[WhiteElo "2276"]
[BlackElo "2187"]
[PlyCount "68"]
[EventDate "2023.??.??"]

1. d4 d5 2. Nf3 Nf6 3. e3 e6 4. Bd3 c5 5. b3 Nc6 6. O-O Be7 7. Bb2 O-O 8. Nbd2 b6 9. Ne5 Nxe5 10. dxe5 Nd7 11. c4 Re8 12. cxd5 exd5 13. f4 Nf8 14. f5 Bg5 15. Qe2 d4 16. exd4 cxd4 17. Nf3 Be3+ 18. Kh1 Bb7 19. Rad1 Bxf3 20. Qxf3 Rxe5 21. Bc4 b5 22. Bd3 Rc8 23. Rfe1 Qe7 24. Bxb5 Rc2 25. Ba1 Rxa2 26. Bd3 Qg5 27. Re2 Rea5 28. Rxa2 Rxa2 29. Be2 Qh4 30. g3 Qe7 31. f6 gxf6 32. Bd3 Ng6 33. Qe4 Qc5 34. Bc4 Qh5 0-1

[Event "SG Schwäbisch Gmünd - SF Deizisau 2"]
[Site "?"]
[Date "2023.09.17"]
[Round "1.4"]
[White "Bergner, Philipp"]
[Black "Ruf, Matthias"]
[Result "1-0"]
[WhiteElo "2150"]
[BlackElo "2312"]
[PlyCount "101"]
[EventDate "2023.??.??"]

1. d4 d5 2. c4 e6 3. Nc3 Nf6 4. cxd5 exd5 5. Bg5 Be7 6. Qc2 h6 7. Bh4 a6 8. e3 Nbd7 9. Bd3 c5 10. dxc5 Nxc5 11. Nf3 O-O 12. O-O Be6 13. Nd4 Qb6 14. Na4 Nxa4 15. Qxa4 Rfc8 16. Qb3 Qxb3 17. Nxb3 Kf8 18. Rfc1 Nd7 19. Bxe7+ Kxe7 20. f4 g6 21. Kf2 Kd6 22. Ke2 Rab8 23. Kd2 Nf6 24. Nd4 Bd7 25. h3 Rxc1 26. Rxc1 Rc8 27. Rf1 Rg8 28. g4 h5 29. g5 Ne4+ 30. Bxe4 dxe4 31. h4 f5 32. gxf6 Rf8 33. Rc1 Rxf6 34. b4 b6 35. Rg1 Bg4 36. a4 Rf7 37. Rc1 Bd7 38. Rg1 Rf6 39. a5 bxa5 40. bxa5 Bg4 41. Rc1 Bd7 42. Rb1 Kc5 43. Rb7 Rd6 44. Kc3 Bh3 45. Rc7+ Kd5 46. Kb4 Rd8 47. Rc5+ Kd6 48. Rc6+ Kd5 49. Rxg6 Rb8+ 50. Rb6 Ra8 51. Ne2 1-0

[Event "SG Schwäbisch Gmünd - SF Deizisau 2"]
[Site "?"]
[Date "2023.09.17"]
[Round "1.5"]
[White "Gustain, Marc"]
[Black "Hoenick, Andreas"]
[Result "1-0"]
[WhiteElo "2128"]
[BlackElo "2135"]
[PlyCount "93"]
[EventDate "2023.??.??"]

1. e4 c5 2. Nf3 Nc6 3. Nc3 d6 4. d4 cxd4 5. Nxd4 Nf6 6. Bg5 e6 7. Bb5 Bd7 8. Qd3 Be7 9. O-O-O O-O 10. Bxc6 bxc6 11. f4 Rb8 12. Nb3 a5 13. Rhe1 d5 14. e5 Nh5 15. Bxe7 Qxe7 16. Qe3 Rb4 17. Rd4 c5 18. Rxb4 axb4 19. Ne2 c4 20. Nbd4 g6 21. g4 Qh4 22. Rg1 Ng7 23. Nf3 Qe7 24. h4 Ra8 25. Kb1 Qd8 26. Qc5 b3 27. cxb3 cxb3 28. a3 Rc8 29. Qe3 Rc4 30. Nfd4 Qxh4 31. Qxb3 Qf2 32. Qg3 Qxg3 33. Rxg3 h5 34. b3 Rc8 35. gxh5 Nxh5 36. Rf3 f6 37. Kb2 Kg7 38. a4 fxe5 39. fxe5 g5 40. a5 g4 41. Rc3 Kg6 42. a6 Ra8 43. Rc7 Bc8 44. a7 Ba6 45. b4 g3 46. b5 Bc8 47. Rxc8 1-0

[Event "SG Schwäbisch Gmünd - SF Deizisau 2"]
[Site "?"]
[Date "2023.09.17"]
[Round "1.6"]
[White "Weiss, Andreas"]
[Black "Rempeli, Alex"]
[Result "1/2-1/2"]
[WhiteElo "2127"]
[BlackElo "2095"]
[PlyCount "24"]
[EventDate "2023.??.??"]

1. e4 e6 2. d4 d5 3. Nd2 c5 4. Ngf3 Nc6 5. exd5 exd5 6. Bb5 Qe7+ 7. Qe2 Qxe2+ 8. Bxe2 Bf5 9. c3 cxd4 10. Nxd4 Nxd4 11. cxd4 Ne7 12. O-O Nc6 1/2-1/2

[Event "SG Schwäbisch Gmünd - SF Deizisau 2"]
[Site "?"]
[Date "2023.09.17"]
[Round "1.7"]
[White "Koellner, Christof"]
[Black "Lang, Thomas"]
[Result "1/2-1/2"]
[WhiteElo "2057"]
[BlackElo "1950"]
[PlyCount "89"]
[EventDate "2023.??.??"]

1. d4 Nf6 2. Nf3 g6 3. Nbd2 Bg7 4. e4 d6 5. Bb5+ c6 6. Bd3 O-O 7. O-O Nbd7 8. Re1 e5 9. c3 Qe7 10. h3 Ne8 11. a4 Nc7 12. Nc4 Ne6 13. Bf1 Rd8 14. a5 f5 15. exf5 gxf5 16. dxe5 dxe5 17. Nd6 Qf8 18. Nxc8 Raxc8 19. Qb3 Qe7 20. Bc4 Ndc5 21. Qa2 Re8 22. Bg5 Bf6 23. Bxf6 Qxf6 24. Rxe5 Kh8 25. b4 Ne4 26. Bxe6 Rcd8 27. Re1 Rd3 28. Rxf5 Qxe6 29. Rf8+ Kg7 30. Rxe8 Qxa2 31. R1xe4 Rd1+ 32. Kh2 Qxf2 33. R4e7+ Kf6 34. Re6+ Kg7 35. R8e7+ Kf8 36. Re8+ Kg7 37. R6e7+ Kf6 38. Re6+ Kg7 39. R8e7+ Kf8 40. Re2 Qf1 41. Re8+ Kg7 42. R2e7+ Kf6 43. Re6+ Kg7 44. R8e7+ Kf8 45. Re8+ 1/2-1/2

[Event "SG Schwäbisch Gmünd - SF Deizisau 2"]
[Site "?"]
[Date "2023.09.17"]
[Round "1.8"]
[White "Pohl, Walter"]
[Black "Brenner, Markus"]
[Result "1/2-1/2"]
[WhiteElo "2117"]
[BlackElo "2094"]
[PlyCount "25"]
[EventDate "2023.??.??"]

1. e4 c5 2. Nf3 e6 3. d4 cxd4 4. Nxd4 Nc6 5. Nxc6 bxc6 6. c4 e5 7. Be2 Bc5 8. Nd2 Nf6 9. O-O d6 10. a3 a5 11. b3 O-O 12. Bb2 Ne8 13. Kh1 1/2-1/2

[Event "Stuttgarter SF - SF Pfullingen"]
[Site "?"]
[Date "2023.09.17"]
[Round "1.1"]
[White "Braeuner, Uwe"]
[Black "Kvetny, Mark"]
[Result "0-1"]
[WhiteElo "2106"]
[BlackElo "2409"]
[PlyCount "82"]
[EventDate "2023.??.??"]

1. e4 c6 2. d4 d5 3. Nc3 dxe4 4. Nxe4 Nf6 5. Ng5 Bf5 6. c3 e6 7. Bd3 Bxd3 8. Qxd3 Qd5 9. N1f3 h6 10. Nh3 g5 11. O-O Nbd7 12. c4 Qd6 13. Ne1 O-O-O 14. Be3 Bg7 15. Rb1 Ng4 16. g3 f5 17. d5 Nde5 18. Qb3 Nxe3 19. dxc6 Qxc6 20. fxe3 Rd2 21. c5 Rhd8 22. Nf2 h5 23. Qa3 Kb8 24. b4 Qd5 25. b5 Rxa2 26. Qb3 Qxb3 27. Rxb3 Rdd2 28. c6 g4 29. Ned3 Nxd3 30. Rxd3 bxc6 31. bxc6 Kc7 32. Rxd2 Rxd2 33. Rc1 a5 34. Rc5 Bh6 35. Rc3 Re2 36. Nd3 Rxe3 37. Ra3 Bf8 38. Rc3 Bg7 39. Rb3 Bd4 40. Kf1 a4 41. Ra3 e5 0-1

[Event "Stuttgarter SF - SF Pfullingen"]
[Site "?"]
[Date "2023.09.17"]
[Round "1.2"]
[White "Brueckner, Thomas"]
[Black "Finke, Dominik"]
[Result "1/2-1/2"]
[WhiteElo "2354"]
[BlackElo "2066"]
[PlyCount "33"]
[EventDate "2023.??.??"]

1. Nf3 d5 2. g3 Nf6 3. Bg2 Bf5 4. c4 c6 5. Qb3 Qb6 6. d3 e6 7. Be3 Qxb3 8. axb3 a6 9. O-O h6 10. Bd4 Nbd7 11. Bc3 Be7 12. Nbd2 O-O 13. b4 e5 14. Nb3 Bd6 15. Na5 Rab8 16. Rfc1 Rfc8 17. c5 1/2-1/2

[Event "Stuttgarter SF - SF Pfullingen"]
[Site "?"]
[Date "2023.09.17"]
[Round "1.3"]
[White "Altenhof, Martin"]
[Black "Strunski, Andreas"]
[Result "1/2-1/2"]
[WhiteElo "2160"]
[BlackElo "2304"]
[PlyCount "82"]
[EventDate "2023.??.??"]

1. Nf3 d5 2. g3 g6 3. Bg2 Bg7 4. O-O e5 5. d3 Ne7 6. e4 O-O 7. c3 c5 8. a3 h6 9. b4 cxb4 10. axb4 Bg4 11. Bb2 dxe4 12. dxe4 Nd7 13. Nbd2 a6 14. c4 Qc7 15. Qb3 Nc6 16. Rfc1 a5 17. bxa5 Rfd8 18. Bc3 Nc5 19. Qb5 Nd4 20. Bxd4 exd4 21. Nb3 Nxb3 22. Qxb3 d3 23. Rab1 Rxa5 24. Rd1 Rc5 25. h3 Be6 26. Rxd3 Rxd3 27. Qxd3 Bxc4 28. Qe3 Ba2 29. Rxb7 Qxb7 30. Qxc5 Qxe4 31. Qe3 Qb1+ 32. Qe1 Qb5 33. Nh2 Be6 34. Nf1 Bd4 35. Ne3 Qh5 36. h4 Qc5 37. Qd2 Qe5 38. Kh2 Kg7 39. Bf3 f5 40. Ng2 Bf7 41. Nf4 Kh7 1/2-1/2

[Event "Stuttgarter SF - SF Pfullingen"]
[Site "?"]
[Date "2023.09.17"]
[Round "1.4"]
[White "Hofmann, Martin"]
[Black "Schmidt, Olaf"]
[Result "1/2-1/2"]
[WhiteElo "2224"]
[BlackElo "2044"]
[PlyCount "20"]
[EventDate "2023.??.??"]

1. d4 Nf6 2. c4 e6 3. Nf3 b6 4. a3 Ba6 5. Qc2 c5 6. Bg5 cxd4 7. Nxd4 Bc5 8. e3 Bxd4 9. exd4 Nc6 10. Qd1 e5 1/2-1/2